• 首页
  • 本馆介绍
  • 公告通知
  • 最新文献
  • 馆藏检索
  • 电子资源
  • 读者导购
  • 参考咨询
  • 我的图书馆
  • 登录
  • 详细信息显示
  • 放入我的书架
  • 预约/预借图书
  • 作者相关作品
  • 分类相关作品
  • 丛书相关作品
  • 出版社相关作品

书目信息

  • 表格格式
  • 工作单格式
  • 卡片格式
题名:
霍耳效应及有关现象
    
 
作者: 普特来 著 ;傅德中 译
分册:  
出版信息: 上海   上海科学技术出版社  1964
页数: 256页
开本: 20cm
丛书名:
单 册:
中图分类: O44
科图分类:
主题词: 电磁学 , 电动力学
电子资源:
ISBN:
000 00641nam0 2200229 450
001 0654338344
005 20060601151213.87
010    @dCNY1.40
100    @a20060601d1964 km y0chiy0120 ea
101 0  @achi
102    @aCN@b310000
102    @aCN@b310000
200 1  @a霍耳效应及有关现象@Ahuo er xiao ying ji you guan xian xiang@fE·H·普特来著@FE·H·pu te lai zhu@g傅德中译
210    @a上海@c上海科学技术出版社@d1964
215    @a256页@d20cm
606 0  @a电磁学
606 0  @a电动力学
690    @aO44@v3
701  0 @a普特来@Apu te lai@4著
702  0 @a傅德中@Afu de zhong@4译
801  0 @aCN@bPFT@c20060601
905    @a10447@dO44@e5
    
    霍耳效应及有关现象/E·H·普特来著/傅德中译.-上海:上海科学技术出版社,1964
    256页;20cm
    
    
    ISBN :CNY1.40
    
●
相关链接 在E读中查询图书 在五车中查询图书 在当当中查询图书 在豆瓣中查询图书


正题名:霍耳效应及有关现象     索取号:O44/5         预约/预借

序号 登录号 条形码 馆藏地/架位号 状态 备注
1 0420335   204203352   密集书库/ [索取号:O44/5] 在馆    
唐山师范学院图书馆 欢迎您!
大连网信软件有限公司© 版权所有